[Event "Let's Play Chess!"]
[Site "http://www.queenalice.com/game.php?id=460236"]
[Date "2008.9.8"]
[Round "-"]
[White "ozzyx1409"]
[Black "momo"]
[Result "0-1"]
[WhiteElo "1613"]
[BlackElo "1327"]

1. e4 d6 2. d3 Nc6 3. Be3 g6 4. Qd2 b6 5. Be2 Bb7 6. Na3 a5 7. Nh3 f5 8. exf5
gxf5 9. Bh5+ Kd7 10. Bf7 Nf6 11. Ng5 Ne5 12. Be6+ Ke8 13. Nf7 Qb8 14. Nxh8 Ng6
15. Nf7 Bxg2 16. Rg1 Nh4 0-1

[Event "Let's Play Chess!"]
[Site "http://www.queenalice.com/game.php?id=461243"]
[Date "2008.9.10"]
[Round "-"]
[White "ozzyx1409"]
[Black "innokuo"]
[Result "0-1"]
[WhiteElo "1500"]
[BlackElo "2062"]

1. e4 e5 2. d3 Nc6 3. Be3 Nf6 4. Be2 d5 5. exd5 Nxd5 6. Nc3 Nxe3 7. fxe3 Bc5 8.
Qd2 Be6 9. Ne4 Bb6 10. Ng5 Qxg5 11. Nf3 Qxe3 12. c3 Qf2+ 13. Kd1 Qxg2 14. Rf1
Bg4 15. Qg5 Bxf3 16. Qxg2 Bxg2 17. Rf5 Be3 18. Kc2 g6 19. Rf3 Bxf3 20. Bxf3
O-O-O 21. Re1 Bf4 22. a3 f5 23. Rf1 Be3 0-1

[Event "Let's Play Chess!"]
[Site "http://www.queenalice.com/game.php?id=461965"]
[Date "2008.9.12"]
[Round "-"]
[White "ozzyx1409"]
[Black "anetta007"]
[Result "0-1"]
[WhiteElo "1704"]
[BlackElo "1742"]

1. e4 c5 2. d3 e5 3. Be3 d5 4. exd5 Qxd5 5. Nc3 Qd6 6. Ne4 Qb6 7. Qh5 Qxb2 8.
Rd1 Nh6 9. Be2 c4 10. dxc4 Qxc2 11. Qxe5+ Be6 12. Nd6+ Bxd6 13. Qxd6 Nc6 14. Bc5
Rd8 15. Qc7 Rxd1+ 16. Bxd1 Qc3+ 17. Kf1 Qxc4+ 18. Ne2 Qxc5 19. Qxb7 O-O 20. Qb1
Bf5 21. Qb2 Rb8 22. Qd2 Ng4 0-1

[Event "Let's Play Chess!"]
[Site "http://www.queenalice.com/game.php?id=651007"]
[Date "2009.9.12"]
[Round "-"]
[White "robsonsouza"]
[Black "ozzyx1409"]
[Result "1-0"]
[WhiteElo "1421"]
[BlackElo "1335"]

1. e4 d6 2. Nf3 e5 3. g3 Be6 4. Bg2 h6 5. O-O Nf6 6. d3 Be7 7. Nc3 Qd7 8. a4 a6
9. d4 exd4 10. Qxd4 Nc6 11. Qd2 Na5 12. Ne2 Nc4 13. Qc3 Rg8 14. b3 Nxe4 15. Qd3
Nc5 16. Qc3 Bf6 17. Ned4 Ne5 18. Nxe5 Bxe5 19. b4 Nxa4 20. Qb3 Bxb3 21. cxb3 Nc3
22. Bxb7 Rb8 23. Bc6 Ne2+ 24. Nxe2 Qxc6 25. Ra4 Rb5 26. Be3 Kd7 27. Rc1 Qe4 28.
Nc3 Bxc3 29. Rxc3 Re8 30. Rxa6 Rxb4 31. Ra7 Rc8 32. Kf1 Qh1+ 33. Ke2 Qd5 34. Ra3
Qh5+ 35. Kf1 Qxh2 36. Bc5 Re4 37. Be3 f5 38. Ke2 f4 39. gxf4 Qxf4 40. Kd2 Qe5
41. Ra2 h5 42. f3 Rh4 43. f4 Qd5+ 44. Rd3 Qg2+ 45. Kc3 Qxa2 46. Rd5 Rb8 47. Rg5
Qxb3+ 48. Kd2 Qa2+ 49. Kd3 1-0

[Event "Let's Play Chess!"]
[Site "http://www.queenalice.com/game.php?id=651008"]
[Date "2009.9.12"]
[Round "-"]
[White "ozzyx1409"]
[Black "spawnwolfwolverine"]
[Result "0-1"]
[WhiteElo "1367"]
[BlackElo "1618"]

1. d4 d5 2. e3 e6 3. Bd3 Nf6 4. Na3 Bxa3 5. bxa3 O-O 6. Nh3 b6 7. Bd2 a5 8. Rb1
Ba6 9. Qe2 Bxd3 10. Qxd3 Nbd7 11. g3 c5 12. dxc5 Nxc5 13. Qc3 Nce4 14. Qd4 Nxd2
15. Qxd2 Rb8 0-1

[Event "Challenge4"]
[Site "http://www.queenalice.com/game.php?id=674812"]
[Date "2009.10.30"]
[Round "-"]
[White "ozzyx1409"]
[Black "emiheller"]
[Result "1-0"]
[WhiteElo "1323"]
[BlackElo "1475"]

1. d4 d5 2. e3 Nc6 3. Bd3 Nf6 4. Bd2 Bd7 5. Nh3 Bg4 6. Be2 Be6 7. a3 Bxh3 8.
gxh3 Ne4 9. Bd3 Nxd2 10. Qxd2 Na5 11. Qxa5 e6 12. Qb5+ c6 13. Qxb7 Rb8 14. Qxc6+
Ke7 15. Nc3 Rb6 16. Qa4 Rxb2 17. Qxa7+ Kf6 18. Rg1 g6 19. Rg4 Rb3 20. Rf4+ Kg5
21. h4+ Kh5 22. Be2+ Kh6 23. Nb5 Be7 24. Rxf7 Bxh4 25. cxb3 Qg8 26. Kd2 Bxf2 27.
Rxf2 Qe8 28. Nd6 Qd8 29. Nf7+ Kg7 30. Nxd8+ Kh6 31. Nf7+ Kg7 32. Nxh8+ Kh6 33.
Nf7+ Kg7 34. Qa8 h5 35. Qh8# 1-0